TOP 100 PLAYERS 2020'S - - Statistics

General Stats
  • This quiz has been taken 35 times
  • The average score is 34 of 99
Answer Stats
Hint Answer % Correct
18 Cristiano Ronaldo
100%
4 Lionel Messi
100%
2 Kylian Mbappe
96%
1 Erling Haaland
91%
78 Neymar
91%
10 Mohamed Salah
83%
9 Harry Kane
74%
7 Karim Benzema
74%
5 Rodri
74%
12 Bernardo Silva
70%
21 Luka Modric
70%
8 Robert Lewandowski
70%
68 Sadio Mane
70%
6 Toni Kroos
70%
29 Bukayo Saka
65%
14 Jude Bellingham
65%
3 Kevin De bruyne
65%
19 Phil Foden
65%
43 Rodrygo
65%
38 Virgil Van Dijk
65%
31 Thiago Silva
61%
25 Manuel Neuer
57%
61 Ngolo Kante
57%
24 Pedri
57%
27 Bruno Fernandes
52%
32 Ederson
52%
26 Ruben Dias
52%
13 Vinicius Jr
52%
17 Antonio Rudiger
48%
96 Gavi
48%
23 Lautaro Martinez
48%
89 Paul Pogba
48%
51 Emiliano Martinez
43%
16 Joshua Kimmich
43%
22 Lamine Yamal
43%
33 Casemiro
39%
86 Cole Palmer
39%
39 Jamal Musiala
39%
57 Theo Hernandez
39%
54 Angel Di maria
35%
70 Declan Rice
35%
37 Gianluigi Donnarumma
35%
88 Luis Suarez
35%
82 Raheem Sterling
35%
75 Romelu Lukaku
35%
62 Andrew Robertson
30%
71 Ciro Immobile
30%
20 Dani Carvajal
30%
30 Ilkay Gundogan
30%
73 Jan Oblak
30%
72 Martin Odegaard
30%
41 Nicolo Barella
30%
63 Serge Gnabry
30%
80 Eduardo Camavinga
26%
77 Fabinho
26%
84 Federico Chiesa
26%
53 Jack Grealish
26%
35 Marquinhos
26%
98 Vitinha
26%
92 Alexis Mac Allister
22%
69 Alphonso Davies
22%
44 Dani Olmo
22%
85 Giorgio Chiellini
22%
49 Granit Xhaka
22%
91 Marcus Thuram
22%
83 Victor Osimhen
22%
48 Zlatan Ibrahimovic
22%
45 Achraf Hakimi
17%
97 Diogo Jota
17%
65 Kai Havertz
17%
100 Marcus Rashford
17%
99 Ronald Araujo
17%
47 Heung Min Son
13%
64 Jordan Henderson
13%
58 Jorginho
13%
94 Jules Kounde
13%
76 Marco Verratti
13%
59 Paulo Dybala
13%
56 Alisson Becker
9%
66 Mike Maignan
9%
87 Raphael Varane
9%
93 Andre Onana
4%
74 Benjamin Pavard
4%
34 Hakan Calhanoglu
4%
28 Antoinne Griezmann
0%
50 Daniele Bastoni
0%
52 Eder Militao
0%
90 Josip Ilicic
0%
60 Kvicha Kvaratshkelia
0%
42 Kylie Walker
0%
67 Marcos Llorente
0%
55 Mathijs De ligt
0%
81 Oliver Giroud
0%
36 Raphael Leao
0%
46 Riyadh Mahrez
0%
95 Sergej Milinkovic-Savic
0%
15 Thebaut Courtois
0%
40 Trent Alex-Arnold
0%
79 Yassine Bounou
0%
No matching quizzes found
Score Distribution
Percent of People with Each Score
Percentile by Number Answered
Your Score History
You have not taken this quiz